| 000 | 00754nam a2200241 a 4500 | ||
|---|---|---|---|
| 001 | 68634 | ||
| 003 | BD-RjUL | ||
| 005 | 20211209081807.0 | ||
| 008 | 170404s2006 bg a|||| b||| 001 0 eng d | ||
| 020 | _a9843000004538 : | ||
| 035 | _a(BD-RjUL)68844 | ||
| 040 |
_aBD-RjUL _beng _cBD-RjUL _dBD-RjUL |
||
| 041 | _aeng | ||
| 082 |
_223 _a615.321 _bGUI 2006 |
||
| 110 |
_aSAARC Agricultural Information Centre, Dhaka. _9203412 |
||
| 245 | _aGuide on medicinal and aromatic plants of SAARC countries / | ||
| 250 | _a1st ed. | ||
| 260 |
_aDhaka : _bSAARC Agricultural Information Centre, _c2006. |
||
| 300 |
_ai, 727 p. : _bill. ; _c24 cm. |
||
| 504 | _aInclude Bibliography and Index. | ||
| 650 |
_aDrugs derived from plants. _9203413 |
||
| 942 |
_2ddc _cBK |
||
| 999 |
_c68634 _d68634 |
||